000 00717nam a2200217 i 4500
001 83615
003 ES-MaACL
005 20250822100418.0
007 t|
008 041117s1959 sp ||||1| spa d
100 1 _aJacobs, W. W.
_965851
245 1 3 _aUn pobre diablo /
_cW.W. Jacobs ; [traducción de José Mª Balil Giro y José Vallverdú].
260 _aBarcelona :
_bG.P.,
_c[1959] (
_fGráf. Guada S.R.C.)
300 _a126 p. ;
_c17 cm.
490 1 _aLibros de humor "El Gorrión"
700 1 _aBalil Giró, José María.
_924940
700 1 _aVallverdú, Josep.
_9112965
830 0 0 _aLibros de humor "El Gorrión"
_9181844
852 _aES-MaACL
_jC-17087
_bR.45280
999 _c83615
_d83615